00329nam a2200109 i 4500001000300000245004200003260001900045040000800064041000800072008004100080856009800121bg 0aLongman dictionary of English idioms. aHarlow,c1989. cBPK apol s pl f |000 0 pol  uhttp://koha.tu.koszalin.pl/cgi-bin/koha/opac-detail.pl?biblionumber=29186yKatalog online BPK